Statistics for Countries that border Iran

Click here to take the quiz!

General Stats

  • This quiz has been taken 21 times
  • The average score is 6 of 7

Answer Stats

Answer% Correct
Iraq
100%
Pakistan
95%
Afghanistan
89%
Armenia
89%
Azerbaijan
89%
Turkey
89%
Turkmenistan
89%

Score Distribution

Percentile by Number Answered

Percent of People with Each Score

Your Score History

You have not taken this quiz